00000000nam 2200000zi 4500
0019.939542
003CaOODSP
00520250109130555
006m     o  d f      
007cr mn|||||||||
008240619s1984    onca    ob   f000 0 eng d
040 |aCaOODSP|beng|erda|cCaOODSP
0861 |aCo26-28/1984E-PDF
1001 |aCarey, Tom, |eauthor.
24510|aUser interface tools for office communications systems / |cDr. Tom Carey.
264 1|a[Ottawa] : |bOffice Communications Systems Program = Programme de la bureautique, |c[1984?]
300 |a1 online resource (1 volume (various pagings)) : |billustrations
336 |atext|btxt|2rdacontent
337 |acomputer|bc|2rdamedia
338 |aonline resource|bcr|2rdacarrier
500 |aIssued also in French under title: Outils de travail pour la conception d'interfaces d'utilisateurs des systèmes de bureautique
500 |aDigitized edition from print [produced by Innovation, Science and Economic Development Canada].
504 |aIncludes bibliographical references.
650 0|aUser interfaces (Computer systems)
650 0|aOffice information systems.
7101 |aCanada. |bDepartment of Communications, |eissuing body.
77508|tOutils de travail pour la conception d'interfaces d'utilisateurs des systèmes de bureautique / |w(CaOODSP)9.946673
85640|qPDF|s980 KB|uhttps://publications.gc.ca/collections/collection_2025/isde-ised/co26/Co26-28-1984-eng.pdf